[Event "Gibtelecom Masters"]
[Site "Gibraltar"]
[Date "2009.02.01"]
[Round "6.69"]
[White "Flores Chico, Jorge"]
[Black "Hamer, Martyn"]
[Result "0-1"]
[WhiteElo "2121"]
[BlackElo "2022"]
[PlyCount "96"]
[EventDate "2009.01.27"]

1. e4 e5 2. f4 exf4 3. Bc4 f5 4. Nc3 Nc6 5. Nf3 Nf6 6. e5 Ne4 7. O-O Nxc3 8.
dxc3 Bc5+ 9. Kh1 Be3 10. Qe2 Bxc1 11. Raxc1 Qe7 12. Rce1 b6 13. e6 dxe6 14.
Bxe6 Bxe6 15. Qxe6 Qxe6 16. Rxe6+ Kd7 17. Ng5 Rad8 18. Rfe1 Rhe8 19. Rxe8 Rxe8
20. Rxe8 Kxe8 21. Nxh7 Ke7 22. b3 Ne5 23. h3 Ke6 24. Kg1 Kf7 25. Ng5+ Kf6 26.
h4 Ng4 27. Nf3 c5 28. b4 Ne3 29. Ne1 c4 30. Kf2 Nd1+ 31. Kf3 Nxc3 32. a3 Ke5
33. Kf2 Nb1 34. Nf3+ Kd5 35. a4 a5 36. bxa5 bxa5 37. Ng5 Nc3 38. Nh3 Ke5 39.
Kf3 Nxa4 40. Nxf4 Nc3 41. Ng6+ Kf6 42. Nf8 a4 43. Nd7+ Ke7 44. Nb8 a3 45. Nc6+
Kd6 46. Nb4 Kc5 47. Na6+ Kb6 48. Nb4 Kb5 0-1

[Event "Gibtelecom Masters"]
[Site "Gibraltar"]
[Date "2009.02.01"]
[Round "6.72"]
[White "Ercan, Mehmet Fahri"]
[Black "De Lillo, Michele"]
[Result "1/2-1/2"]
[WhiteElo "2091"]
[BlackElo "1918"]
[PlyCount "114"]
[EventDate "2009.01.27"]

1. e4 c5 2. Nf3 d6 3. d4 cxd4 4. Nxd4 e6 5. c4 Nf6 6. Nc3 Be7 7. Be2 a6 8. O-O
Qc7 9. Be3 Nbd7 10. Rc1 b6 11. f3 Bb7 12. Qd2 Rc8 13. Rfd1 O-O 14. g4 Ne5 15.
g5 Nfd7 16. h4 Nc6 17. Nd5 Qd8 18. Nxe7+ Nxe7 19. Kf2 d5 20. cxd5 Rxc1 21. Qxc1
exd5 22. Nf5 Nxf5 23. exf5 f6 24. Rh1 Qe7 25. Bd4 Rc8 26. Qd2 Ne5 27. Rg1 Kf7
28. Bd1 Qd6 29. Kf1 a5 30. Be2 Rc7 31. gxf6 Qxf6 32. f4 Qxf5 33. Rxg7+ Kf8 34.
Bxe5 Rxg7 35. Bxg7+ Kxg7 36. Qd4+ Qf6 37. Qg1+ Kf8 38. Qg5 Ke7 39. Kf2 h6 40.
Qxf6+ Kxf6 41. Ke3 Ke6 42. Bg4+ Kf6 43. Kd4 Bc6 44. b3 Bb7 45. a3 Bc6 46. b4
axb4 47. axb4 Bb7 48. b5 Ke7 49. Ke5 d4 50. Kxd4 Kd6 51. f5 Bg2 52. Be2 Bb7 53.
Bc4 Bg2 54. f6 Bh3 55. Ke4 Bd7 56. f7 Ke7 57. Ke5 Bxb5 1/2-1/2

[Event "Gibtelecom Masters"]
[Site "Gibraltar"]
[Date "2009.02.01"]
[Round "6.74"]
[White "Beltran Medina, Jorge"]
[Black "Salem, Ihab"]
[Result "0-1"]
[WhiteElo "2006"]
[BlackElo "2171"]
[PlyCount "88"]
[EventDate "2009.01.27"]

1. d4 Nf6 2. c4 g6 3. Nc3 Bg7 4. e4 d6 5. f3 O-O 6. Be3 c6 7. Bd3 Nbd7 8. Nge2
e5 9. d5 a6 10. O-O cxd5 11. cxd5 b5 12. b4 Nb6 13. a4 bxa4 14. Nxa4 Nxa4 15.
Rxa4 Nh5 16. Qd2 f5 17. Rfa1 fxe4 18. Bxe4 Bb7 19. Nc3 Rc8 20. b5 axb5 21. Nxb5
Nf6 22. Qb4 Nxe4 23. fxe4 Qh4 24. Qd2 Qd8 25. Ra7 Rf7 26. Qe2 Qf8 27. Rf1 Bf6
28. h3 Ra8 29. Rxa8 Bxa8 30. Kh2 Bb7 31. Ra1 Bh4 32. Ra2 h5 33. Qd2 Qd8 34. Qb4
Be7 35. Ra7 Bf8 36. Na3 Bc8 37. Rxf7 Kxf7 38. Qb8 Be7 39. Nb5 Kg7 40. Bb6 Qf8
41. Qc7 Kg8 42. Na7 Ba6 43. Nc6 Bg5 44. Be3 Bxe3 0-1

[Event "Gibtelecom Masters"]
[Site "Gibraltar"]
[Date "2009.02.01"]
[Round "6.77"]
[White "Fryer, David W"]
[Black "Loberg, Jo Kristian"]
[Result "1-0"]
[WhiteElo "2080"]
[BlackElo "1923"]
[PlyCount "89"]
[EventDate "2009.01.27"]

1. e4 c5 2. Nc3 d6 3. g3 Nc6 4. Bg2 g6 5. d3 Bg7 6. Be3 Be6 7. Qd2 Qd7 8. h3 h6
9. Nge2 Nf6 10. Nf4 a6 11. Nxe6 fxe6 12. O-O Nd4 13. Nd1 e5 14. c3 Nc6 15. Rb1
h5 16. f3 Rc8 17. a3 b5 18. b4 cxb4 19. axb4 Ra8 20. Nf2 Qc7 21. h4 O-O 22. Nh3
Nh7 23. Ng5 Nxg5 24. Bxg5 a5 25. bxa5 Rxa5 26. Bh3 Nd8 27. Rb3 Bf6 28. Be3 e6
29. Rfb1 Qc6 30. Qf2 Rf7 31. Bb6 Ra6 32. Bxd8 Bxd8 33. Bxe6 Bb6 34. Bxf7+ Kxf7
35. d4 exd4 36. cxd4 Qc4 37. Kh1 Bxd4 38. Qf1 Qc2 39. Rxb5 Ra2 40. Qh3 Kg7 41.
Qd7+ Kh6 42. Rxh5+ gxh5 43. Qe6+ Kh7 44. Rb7+ Bg7 45. Qf5+ 1-0

[Event "Gibtelecom Masters"]
[Site "Gibraltar"]
[Date "2009.02.01"]
[Round "6.78"]
[White "Perman, Torvald"]
[Black "Gonzalez Amaya, Millan"]
[Result "1-0"]
[WhiteElo "2077"]
[BlackElo "1831"]
[PlyCount "47"]
[EventDate "2009.01.27"]

1. c4 Nf6 2. g3 e5 3. Bg2 Nc6 4. Nc3 Bc5 5. a3 a5 6. e3 O-O 7. Nge2 d6 8. d4
exd4 9. exd4 Bb6 10. O-O Bg4 11. h3 Bh5 12. Be3 Re8 13. Qd2 Bg6 14. Rae1 a4 15.
Bg5 h6 16. Bxf6 Qxf6 17. Nd5 Qd8 18. Nxb6 cxb6 19. Nf4 Na5 20. Nxg6 fxg6 21.
Rxe8+ Qxe8 22. Re1 Qc8 23. Qb4 Qxc4 24. Qxc4+ 1-0

[Event "Gibtelecom Masters"]
[Site "Gibraltar"]
[Date "2009.02.01"]
[Round "6.79"]
[White "Lumsdon, Andrew"]
[Black "Valhondo Morales, Ruben"]
[Result "0-1"]
[WhiteElo "2051"]
[BlackElo "1754"]
[PlyCount "68"]
[EventDate "2009.01.27"]

1. d4 Nf6 2. Nf3 e6 3. e3 d5 4. a3 b6 5. c4 c5 6. dxc5 bxc5 7. b3 Be7 8. Bb2
O-O 9. Nbd2 Nc6 10. Qc2 h6 11. Bd3 Bb7 12. O-O Qc7 13. Rfd1 Rfd8 14. Nf1 a5 15.
Ng3 a4 16. Rac1 axb3 17. Qxb3 Na5 18. Qc2 dxc4 19. Bxc4 Nxc4 20. Rxd8+ Rxd8 21.
Qxc4 Qb6 22. Qc2 Qc6 23. h3 Ne4 24. Ne5 Qd5 25. Nxe4 Qxe4 26. Qxe4 Bxe4 27. Nc4
f6 28. Kf1 Kf7 29. f3 Bd3+ 30. Ke1 Ke8 31. a4 Rb8 32. Ba3 Rb3 33. Bxc5 Bxc5 34.
Nd2 Bb4 0-1

[Event "Gibtelecom Masters"]
[Site "Gibraltar"]
[Date "2009.02.01"]
[Round "6.80"]
[White "Garcia Lechugo, Francisco"]
[Black "Brown, Thomas"]
[Result "0-1"]
[WhiteElo "1688"]
[BlackElo "2027"]
[PlyCount "64"]
[EventDate "2009.01.27"]

1. Na3 g6 2. c3 d5 3. d4 Bg7 4. Nf3 Nd7 5. g3 Ngf6 6. Bg2 O-O 7. O-O c6 8. Bf4
Re8 9. Qc1 Ne4 10. Nc2 f6 11. Nd2 e5 12. Bxe4 exf4 13. Bf3 Bh6 14. Re1 Nf8 15.
e4 fxe3 16. Nxe3 f5 17. Ng2 Ne6 18. Nh4 Bd7 19. Bg2 Ng5 20. Rxe8+ Qxe8 21. f4
Qe3+ 22. Kf1 Ne4 23. Bxe4 fxe4 24. Ng2 Qd3+ 25. Kg1 Bh3 26. Qe1 g5 27. Qe3
Qxe3+ 28. Nxe3 gxf4 29. gxf4 Bxf4 30. Kf2 Kf7 31. Rg1 Rg8 32. c4 Bxe3+ 0-1

[Event "Gibtelecom Masters"]
[Site "Gibraltar"]
[Date "2009.02.01"]
[Round "6.82"]
[White "Szabo, Gabor"]
[Black "Pettersen, Joar Gullestad"]
[Result "1-0"]
[WhiteElo "1862"]
[BlackElo "2016"]
[PlyCount "41"]
[EventDate "2009.01.27"]

1. e4 c5 2. Nf3 a6 3. c3 d5 4. exd5 Qxd5 5. d4 Nf6 6. Be2 e6 7. O-O Be7 8. Ne5
cxd4 9. cxd4 O-O 10. Be3 Nbd7 11. Nc3 Qa5 12. f4 Rd8 13. Qe1 Nf8 14. Bd3 Bd7
15. Rf3 Rab8 16. g4 Bc6 17. Rh3 Bb4 18. g5 Bxc3 19. bxc3 Ne4 20. Nxc6 bxc6 21.
Bxe4 1-0

[Event "Gibtelecom Masters"]
[Site "Gibraltar"]
[Date "2009.02.01"]
[Round "6.83"]
[White "Pieri, Enzo"]
[Black "Helin, Mikael"]
[Result "0-1"]
[WhiteElo "1829"]
[BlackElo "1974"]
[PlyCount "96"]
[EventDate "2009.01.27"]

1. d4 g6 2. e3 d6 3. Bd3 Bg7 4. Nf3 a6 5. O-O h6 6. c3 e6 7. Qc2 Ne7 8. Nbd2 b6
9. Re1 Bb7 10. e4 Nd7 11. Nc4 Nf8 12. Bf4 g5 13. Bg3 Nfg6 14. d5 e5 15. Ne3 Nf4
16. Bxf4 gxf4 17. Nf5 Bf6 18. Qe2 Ng6 19. b4 Qc8 20. c4 Ne7 21. N3h4 Bxh4 22.
Nxh4 c5 23. bxc5 Qxc5 24. Rab1 Bc8 25. Rb3 Rg8 26. Nf5 Ng6 27. Qh5 f3 28. Nxh6
Rh8 29. Bf1 Ra7 30. Rxf3 Nf4 31. Rxf4 exf4 32. e5 Re7 33. Qg5 dxe5 34. Rxe5 Qd6
35. Ng4 Kd8 36. Rxe7 Qxe7 37. Qxe7+ Kxe7 38. Ne5 Rh5 39. Nf3 Kd6 40. Bd3 Kc5
41. Kf1 Bg4 42. Ke2 Re5+ 43. Kd2 Bxf3 44. gxf3 Rh5 45. Kc3 Rxh2 46. Be4 Rxf2
47. Kb3 Re2 48. Kc3 Rxa2 0-1

[Event "Gibtelecom Masters"]
[Site "Gibraltar"]
[Date "2009.02.01"]
[Round "6.84"]
[White "Benson, Oisin P"]
[Black "Aagedal, Geir Ole"]
[Result "1-0"]
[WhiteElo "1957"]
[BlackElo "1832"]
[PlyCount "103"]
[EventDate "2009.01.27"]

1. d4 Nf6 2. c4 e6 3. Nc3 Bb4 4. e3 O-O 5. a3 Bxc3+ 6. bxc3 d5 7. Nf3 c5 8. Bd3
dxc4 9. Bxc4 Qc7 10. Be2 b6 11. O-O c4 12. Ne5 Nd5 13. Qc2 Nd7 14. e4 Nxe5 15.
exd5 Nd3 16. dxe6 Bxe6 17. Bf3 Rab8 18. a4 Bf5 19. Ba3 Rfe8 20. Ra2 Re6 21. Bd5
Rh6 22. f4 Re8 23. g3 a6 24. Qd1 Bh3 25. Re2 Qc8 26. Bxc4 Bxf1 27. Qxf1 Rxe2
28. Qxe2 Nxf4 29. gxf4 Rg6+ 30. Kf2 h6 31. Bd3 Rf6 32. Kg3 Re6 33. Qd2 Rc6 34.
c4 b5 35. d5 Rf6 36. c5 h5 37. h3 h4+ 38. Kh2 b4 39. Bxb4 Qb8 40. d6 Qe8 41.
Bc2 Re6 42. d7 Re2+ 43. Kg1 Re1+ 44. Qxe1 Qxd7 45. Qe4 f5 46. Qc4+ Kh8 47. c6
Qe8 48. c7 Qe3+ 49. Kf1 Qxh3+ 50. Ke2 Qg2+ 51. Kd1 Qg1+ 52. Be1 1-0

[Event "Gibtelecom Masters"]
[Site "Gibraltar"]
[Date "2009.02.01"]
[Round "6.85"]
[White "Webster, Richard J"]
[Black "Kuenitz, Klaus"]
[Result "1-0"]
[WhiteElo "1956"]
[BlackElo "1663"]
[PlyCount "28"]
[EventDate "2009.01.27"]

1. e4 e6 2. d4 d5 3. Nc3 dxe4 4. Nxe4 Nd7 5. Nf3 Ngf6 6. Nxf6+ Nxf6 7. Bd3 c5
8. O-O cxd4 9. Nxd4 Bc5 10. Be3 Qb6 11. b4 Bxd4 12. Bxd4 Qxb4 13. Rb1 Qe7 14.
Bb5+ Kf8 1-0

[Event "Gibtelecom Masters"]
[Site "Gibraltar"]
[Date "2009.02.01"]
[Round "6.90"]
[White "Yarur Elsaca, Daniel"]
[Black "Matto, Manuel"]
[Result "1-0"]
[WhiteElo "1805"]
[BlackElo "1855"]
[PlyCount "125"]
[EventDate "2009.01.27"]

1. e4 e6 2. d4 Be7 3. Nf3 h6 4. Bd3 d6 5. O-O Nd7 6. c4 Nf8 7. Nc3 Nh7 8. e5
Ng5 9. Nh4 Nh3+ 10. gxh3 Bxh4 11. Qg4 Kf8 12. Bc2 h5 13. Qf3 Qe7 14. Kh1 dxe5
15. dxe5 Rb8 16. Rg1 Bd7 17. Qg2 f5 18. exf6 Bxf6 19. Bf4 Bc6 20. Be4 Bxe4 21.
Nxe4 e5 22. Be3 b6 23. a4 c5 24. a5 Nh6 25. axb6 axb6 26. Qf3 Qb7 27. Bg5 Ng8
28. Bh4 Rd8 29. b3 Rd4 30. Rge1 Ke7 31. Bg3 h4 32. Bxe5 Bxe5 33. Qf5 Bf6 34. f3
Kf8 35. Qe6 Ne7 36. Nxf6 Qxf3+ 37. Kg1 gxf6 38. Qxe7+ Kg8 39. Qe8+ Kg7 40. Ra7+
Kh6 41. Qxh8+ Kg5 42. Qg8+ Kf4 43. Qg4+ Qxg4+ 44. hxg4 Kxg4 45. Rg7+ Kf5 46.
Rf1+ Ke5 47. Rb7 Rd6 48. Re1+ Kf4 49. Rh7 Kg5 50. Rhe7 Rd3 51. Rb1 f5 52. Re6
h3 53. Rxb6 Rd2 54. Rb8 Rg2+ 55. Kh1 Rd2 56. b4 cxb4 57. R8xb4 Rc2 58. Rg1+ Kf4
59. c5+ Ke5 60. Rh4 Rxc5 61. Rxh3 Ra5 62. Re1+ Kf4 63. Kg1 1-0

[Event "Gibtelecom Masters"]
[Site "Gibraltar"]
[Date "2009.02.02"]
[Round "7.15"]
[White "Cramling, Pia"]
[Black "Natalicchio Escalante, Nic"]
[Result "1/2-1/2"]
[WhiteElo "2548"]
[BlackElo "2238"]
[PlyCount "175"]
[EventDate "2009.01.27"]

1. d4 Nf6 2. Nf3 c5 3. e3 e6 4. c4 cxd4 5. exd4 d6 6. Nc3 Be7 7. Bd3 O-O 8. O-O
b6 9. Bg5 Nbd7 10. Qe2 Bb7 11. Rad1 Rc8 12. Rfe1 Re8 13. a3 a6 14. Nd2 Qc7 15.
Nf1 Qb8 16. Ne3 Qa8 17. Qd2 h6 18. Bh4 b5 19. cxb5 d5 20. Bg3 Nh5 21. bxa6 Bxa6
22. Bxa6 Qxa6 23. Qe2 Qxe2 24. Nxe2 g5 25. f3 f5 26. Bf2 Rb8 27. Rd2 Nb6 28.
Rc2 f4 29. Nd1 Nc4 30. Nc1 Bf6 31. Nd3 Ng7 32. Nc5 Re7 33. g4 fxg3 34. hxg3 Nf5
35. Rxe6 Rxe6 36. Nxe6 Kf7 37. g4 Nh4 38. Bxh4 gxh4 39. Nf4 Bxd4+ 40. Kg2 Nxb2
41. Nxb2 Bxb2 42. Rc7+ Ke8 43. Nxd5 Bxa3 44. Rc6 Bf8 45. Kh3 Rd8 46. Re6+ Kf7
47. Rf6+ Kg7 48. Rf5 Bd6 49. Kxh4 Rf8 50. Rxf8 Bxf8 51. Kh5 Ba3 52. Ne3 Bc1 53.
Nf5+ Kh7 54. Ng3 Bd2 55. Ne4 Bc1 56. Nc3 Bd2 57. Nd5 Bc1 58. Kh4 Bd2 59. Kg3
Bc1 60. Nf4 Bd2 61. Nh5 Kg6 62. f4 Bc1 63. Kf3 Bb2 64. Ke4 Bc1 65. Ng3 Bb2 66.
Nf5 Bf6 67. Ng3 Bb2 68. Ke3 Bc1+ 69. Kf3 Bb2 70. Ke4 Bc1 71. Ke5 Bb2+ 72. Ke4
Bc1 73. Kf3 Bb2 74. Ne4 Bc1 75. f5+ Kf7 76. Ke2 Bb2 77. Ke3 Be5 78. Nc5 Bb2 79.
Nd3 Bc3 80. Nf4 Bb2 81. Nd3 Bc3 82. Ke4 Kf6 83. Nc5 Bb4 84. Nd7+ Kg5 85. Ne5
Bc3 86. Kd5 h5 87. gxh5 Kxf5 88. Nf7 1/2-1/2

[Event "Gibtelecom Masters"]
[Site "Gibraltar"]
[Date "2009.02.02"]
[Round "7.17"]
[White "Nithander, Victor"]
[Black "Gordon, Stephen J"]
[Result "1/2-1/2"]
[WhiteElo "2369"]
[BlackElo "2524"]
[PlyCount "43"]
[EventDate "2009.01.27"]

1. e4 c5 2. Nf3 d6 3. d4 cxd4 4. Nxd4 Nf6 5. f3 e5 6. Nb3 Be7 7. c4 O-O 8. Nc3
Nc6 9. Be3 Nd7 10. Qd2 a5 11. Rd1 a4 12. Na1 Nc5 13. Be2 f5 14. exf5 Bxf5 15.
O-O Qe8 16. Nd5 Bd8 17. b4 axb3 18. Nxb3 b6 19. Nc3 Be7 20. Nd5 Bd8 21. Nc3 Be7
22. Nd5 1/2-1/2

[Event "Gibtelecom Masters"]
[Site "Gibraltar"]
[Date "2009.02.02"]
[Round "7.19"]
[White "Houska, Jovanka"]
[Black "Dzagnidze, Nana"]
[Result "0-1"]
[WhiteElo "2392"]
[BlackElo "2518"]
[PlyCount "166"]
[EventDate "2009.01.27"]

1. d4 Nf6 2. Nf3 e6 3. c4 b6 4. g3 Ba6 5. b3 b5 6. cxb5 Bxb5 7. Bg2 d5 8. O-O
Nbd7 9. Nc3 Ba6 10. a3 Bd6 11. Re1 O-O 12. e4 dxe4 13. Ng5 Rb8 14. Ngxe4 Nxe4
15. Nxe4 Bb7 16. b4 Nb6 17. Qc2 h6 18. Bb2 Bd5 19. Bc3 Nc4 20. Nc5 c6 21. Be4
Be7 22. Bh7+ Kh8 23. Bd3 Bf6 24. Qe2 Nd6 25. Qh5 Nb5 26. Bd2 Nxd4 27. Bxh6 g6
28. Qh3 Nf3+ 29. Kf1 Nxe1 30. Rxe1 Kg8 31. Bxf8 Kxf8 32. Qh7 Bg7 33. h4 Qe7 34.
h5 gxh5 35. Qxh5 Rd8 36. Be4 Qf6 37. Re3 Qh6 38. Qxh6 Bxh6 39. f4 Bg7 40. Bxd5
cxd5 41. Rb3 Ke7 42. Ke2 Rh8 43. b5 Bd4 44. Nd3 f6 45. Nb4 Kd6 46. Nc6 Bc5 47.
a4 e5 48. fxe5+ fxe5 49. Rf3 Rh2+ 50. Kd1 e4 51. Rf6+ Kd7 52. Ne5+ Ke7 53. Rc6
Bd6 54. Ng6+ Kd7 55. Nf4 d4 56. Rc4 Be5 57. Rc5 Bxf4 58. gxf4 Kd6 59. Re5 e3
60. a5 Rf2 61. b6 axb6 62. axb6 Rb2 63. Kc1 Rxb6 64. Kc2 Rb7 65. Ra5 Re7 66.
Ra1 Rf7 67. Kd3 Rxf4 68. Ra6+ Ke5 69. Ra5+ Ke6 70. Rb5 Rf5 71. Rb6+ Ke5 72. Rb8
Rf6 73. Rd8 Rf2 74. Rd5+ Kf4 75. Rxd4+ Kf3 76. Rh4 Rd2+ 77. Kc3 Rd8 78. Rh3+
Kf2 79. Rh2+ Kg3 80. Rh7 e2 81. Re7 Kf2 82. Rf7+ Ke1 83. Kc2 Rc8+ 0-1

[Event "Gibtelecom Masters"]
[Site "Gibraltar"]
[Date "2009.02.02"]
[Round "7.20"]
[White "Papp, Gabor"]
[Black "Spence, David J"]
[Result "1-0"]
[WhiteElo "2517"]
[BlackElo "2223"]
[PlyCount "59"]
[EventDate "2009.01.27"]

1. e4 e6 2. d4 d5 3. Nd2 Nf6 4. e5 Nfd7 5. f4 c5 6. c3 Nc6 7. Ndf3 a5 8. Bd3 a4
9. Ne2 cxd4 10. cxd4 Nb6 11. O-O Be7 12. Nc3 Bd7 13. Be3 Nb4 14. Bb1 a3 15. b3
Rc8 16. Bd2 O-O 17. g4 f6 18. exf6 gxf6 19. Kh1 Bd6 20. Qe1 Qe7 21. Rg1 Kh8 22.
Qh4 Rg8 23. g5 fxg5 24. Nxg5 Rg7 25. Rg3 Rf8 26. Bxh7 Rxh7 27. Qxh7+ Qxh7 28.
Nxh7 Kxh7 29. Rag1 Rf6 30. Rg7+ 1-0

[Event "Gibtelecom Masters"]
[Site "Gibraltar"]
[Date "2009.02.02"]
[Round "7.22"]
[White "Maryasin, Boris"]
[Black "Szabo, Krisztian"]
[Result "0-1"]
[WhiteElo "2340"]
[BlackElo "2508"]
[PlyCount "54"]
[EventDate "2009.01.27"]

1. e4 c5 2. Nf3 d6 3. d4 cxd4 4. Nxd4 Nf6 5. Nc3 a6 6. f4 e5 7. Nf3 Nbd7 8. Bd3
b5 9. O-O Be7 10. Qe1 O-O 11. Kh1 Bb7 12. a3 Re8 13. fxe5 dxe5 14. Qg3 Rc8 15.
Bh6 Nh5 16. Qh3 Ndf6 17. Bg5 Qd7 18. Qh4 Qe6 19. Nd5 Bxd5 20. exd5 Qxd5 21.
Rae1 e4 22. Bxe4 Nxe4 23. Bxe7 Rc4 24. g4 Nf4 25. Bg5 Ng6 26. Qh5 Ng3+ 27. hxg3
Rxe1 0-1

[Event "Gibtelecom Masters"]
[Site "Gibraltar"]
[Date "2009.02.02"]
[Round "7.23"]
[White "Miedema, Roi"]
[Black "Al Sayed, Mohamad N"]
[Result "0-1"]
[WhiteElo "2325"]
[BlackElo "2488"]
[PlyCount "66"]
[EventDate "2009.01.27"]

1. d4 d5 2. c4 c6 3. Nf3 Nf6 4. e3 Bg4 5. Qb3 Qb6 6. Nc3 Bxf3 7. gxf3 e6 8. c5
Qc7 9. f4 b6 10. cxb6 axb6 11. Bd2 Be7 12. Rc1 O-O 13. Bg2 c5 14. O-O Nc6 15.
Qc2 Qd7 16. dxc5 bxc5 17. Rfd1 Rfb8 18. a3 Na5 19. Be1 Nb3 20. Rb1 Qc7 21. Ne2
Ne8 22. f5 Ra4 23. fxe6 fxe6 24. Nf4 Rxf4 25. exf4 Qxf4 26. Qe2 Nc7 27. Rd3 Nc1
28. Rxc1 Qxc1 29. Bxd5 exd5 30. Rc3 Qb1 31. Qe5 Bf6 32. Qxc7 Qxe1+ 33. Kg2 Be5
0-1

[Event "Gibtelecom Masters"]
[Site "Gibraltar"]
[Date "2009.02.02"]
[Round "7.25"]
[White "Carlsson, Pontus"]
[Black "Van Eijk, Sander"]
[Result "1-0"]
[WhiteElo "2509"]
[BlackElo "2355"]
[PlyCount "57"]
[EventDate "2009.01.27"]

1. d4 Nf6 2. c4 g6 3. Nf3 Bg7 4. Nc3 d5 5. cxd5 Nxd5 6. e4 Nxc3 7. bxc3 c5 8.
Rb1 O-O 9. Be2 b6 10. O-O Qc7 11. Bg5 Bb7 12. d5 Bxc3 13. Bc4 Bg7 14. Qe2 Re8
15. Rfd1 Qc8 16. e5 e6 17. dxe6 fxe6 18. Rd6 Bf8 19. Rbd1 Nc6 20. Bxe6+ Rxe6
21. Qc4 Bxd6 22. Rxd6 Kf7 23. Bh6 Nd4 24. Ng5+ Ke7 25. Nxe6 Nxe6 26. Qh4+ Kf7
27. Qf6+ Kg8 28. Rxe6 Qd7 29. Rd6 1-0

[Event "Gibtelecom Masters"]
[Site "Gibraltar"]
[Date "2009.02.02"]
[Round "7.26"]
[White "Arakhamia-Grant, Ketevan"]
[Black "Carlhammar, Magnus"]
[Result "1-0"]
[WhiteElo "2500"]
[BlackElo "2351"]
[PlyCount "77"]
[EventDate "2009.01.27"]

1. e4 e5 2. Nf3 Nc6 3. Bb5 Nf6 4. d3 Bc5 5. O-O Nd4 6. Nxd4 Bxd4 7. c3 Bb6 8.
Nd2 c6 9. Ba4 d6 10. Nc4 Bc7 11. Bb3 O-O 12. Bg5 h6 13. Bh4 g5 14. Bg3 h5 15.
h4 Ng4 16. hxg5 Qxg5 17. Nd2 Kh8 18. Nf3 Qg7 19. d4 f5 20. exf5 Bxf5 21. Nh4
Rae8 22. d5 Bh7 23. Qd2 Bb6 24. Kh1 Rf6 25. Rae1 Ref8 26. Re2 e4 27. Qe1 e3 28.
f3 Bd3 29. dxc6 bxc6 30. Bc2 Bxe2 31. Qxe2 Nf2+ 32. Bxf2 exf2 33. Qd3 Rf4 34.
g4 Kg8 35. Qxd6 R4f6 36. Qh2 Qg5 37. Nf5 Re8 38. Kg2 Rd8 39. Qe5 {time} 1-0

[Event "Gibtelecom Masters"]
[Site "Gibraltar"]
[Date "2009.02.02"]
[Round "7.27"]
[White "Cmilyte, Viktorija"]
[Black "Klinova, Masha"]
[Result "1/2-1/2"]
[WhiteElo "2497"]
[BlackElo "2328"]
[PlyCount "81"]
[EventDate "2009.01.27"]

1. d4 d6 2. e4 Nf6 3. Nc3 g6 4. Nf3 Bg7 5. Be2 O-O 6. O-O Bg4 7. Be3 Nc6 8. h3
Bxf3 9. Bxf3 Re8 10. d5 Ne5 11. Be2 c6 12. f4 Ned7 13. Bf3 cxd5 14. exd5 Qa5
15. Qe2 Rac8 16. Rfd1 Nb6 17. Rab1 Nc4 18. Bd4 b5 19. a3 Nd7 20. Ne4 Bxd4+ 21.
Rxd4 Nf6 22. c3 Qc7 23. g4 Nxe4 24. Bxe4 e5 25. dxe6 Rxe6 26. Qf2 Rce8 27. Bf3
Re3 28. Kg2 R8e6 29. Rf1 Qe7 30. Kg1 Re1 31. Rd1 R1e3 32. Rd4 Re1 33. Rd1 R1e3
34. a4 bxa4 35. Rd4 Nb6 36. f5 R6e5 37. fxg6 hxg6 38. Rf4 Re1 39. Rxe1 Rxe1+
40. Kg2 Qe3 41. Qxe3 1/2-1/2

[Event "Gibtelecom Masters"]
[Site "Gibraltar"]
[Date "2009.02.02"]
[Round "7.28"]
[White "Kiik, Kalle"]
[Black "Rasch, Holger"]
[Result "1-0"]
[WhiteElo "2466"]
[BlackElo "2301"]
[PlyCount "55"]
[EventDate "2009.01.27"]

1. e4 d5 2. exd5 Qxd5 3. d4 Nc6 4. Nf3 Bg4 5. Be2 O-O-O 6. Be3 e5 7. c4 Qa5+ 8.
Bd2 Bb4 9. d5 e4 10. Ng5 Bxe2 11. Qxe2 Nd4 12. Qd1 e3 13. fxe3 Nf5 14. O-O Ngh6
15. Nc3 Qc5 16. Qf3 Bxc3 17. bxc3 Nd6 18. Ne4 Qxc4 19. Nxd6+ Rxd6 20. e4 Rf8
21. Rae1 Kb8 22. Rf2 Rf6 23. Bf4 Re8 24. Ree2 Ng8 25. e5 Rf5 26. g4 Rxf4 27.
Qxf4 Qxd5 28. Qxf7 1-0

[Event "Gibtelecom Masters"]
[Site "Gibraltar"]
[Date "2009.02.02"]
[Round "7.29"]
[White "Bruno, Fabio"]
[Black "Jessel, Stephen"]
[Result "1/2-1/2"]
[WhiteElo "2460"]
[BlackElo "2296"]
[PlyCount "125"]
[EventDate "2009.01.27"]

1. d4 e6 2. Nf3 d5 3. e3 Nf6 4. Bd3 c5 5. c3 Nc6 6. Nbd2 Bd6 7. O-O O-O 8. Qe2
e5 9. dxc5 Bxc5 10. e4 Re8 11. exd5 Nxd5 12. Ne4 Be7 13. Rd1 Nf4 14. Bxf4 exf4
15. Bc4 Qc7 16. Nd6 Rf8 17. Nb5 Qb8 18. Nbd4 Nxd4 19. Nxd4 Bf6 20. Rd2 Bd7 21.
Rad1 Qc7 22. Bb3 Rad8 23. Qf3 Bc6 24. Nxc6 bxc6 25. Qe4 c5 26. Bd5 g6 27. Re2
Kg7 28. Rd3 Rd7 29. Qc4 Rfd8 30. h3 h5 31. Rd1 Rb8 32. Red2 Rbd8 33. Rd3 Rb8
34. b3 Rbd8 35. Qe4 Qe5 36. Qxe5 Bxe5 37. b4 c4 38. Bxc4 Rxd3 39. Bxd3 Bxc3 40.
b5 Ba5 41. Kf1 Rd4 42. Bc2 Rxd1+ 43. Bxd1 Kf6 44. Bb3 h4 45. Ke2 Ke5 46. Bxf7
g5 47. Kd3 Kd6 48. Kd4 Be1 49. f3 Ba5 50. a4 Be1 51. Bg6 Bd2 52. Kd3 Ba5 53.
Ke4 Kc5 54. Be8 Bd8 55. Kf5 Kb6 56. Bf7 Ka5 57. Bb3 Kb6 58. Bc2 Ka5 59. Ke6 Kb6
60. Kd7 Bf6 61. Bd1 Ka5 62. Ke6 Bd4 63. Kd5 1/2-1/2

[Event "Gibtelecom Masters"]
[Site "Gibraltar"]
[Date "2009.02.02"]
[Round "7.31"]
[White "Solomon, Kenny"]
[Black "D'Costa, Lorin A R"]
[Result "0-1"]
[WhiteElo "2348"]
[BlackElo "2445"]
[PlyCount "88"]
[EventDate "2009.01.27"]

1. Nf3 Nf6 2. c4 e6 3. Nc3 Bb4 4. Qc2 c5 5. a3 Ba5 6. g3 Nc6 7. Bg2 O-O 8. O-O
d6 9. d3 h6 10. Rb1 a6 11. e3 Bd7 12. d4 Rc8 13. dxc5 dxc5 14. b3 Qe7 15. Bb2
Rfd8 16. Ba1 Be8 17. Rfd1 Bc7 18. Ne2 b5 19. Nf4 b4 20. a4 Nh7 21. Qb2 f6 22.
Qc2 Nf8 23. Rxd8 Rxd8 24. Rd1 Bxf4 25. Rxd8 Qxd8 26. gxf4 Bg6 27. Qd2 Qxd2 28.
Nxd2 Na5 29. f5 Bxf5 30. e4 Bg6 31. f3 Kf7 32. Kf2 e5 33. Bf1 Ne6 34. Be2 Nf4
35. Bd1 Ke6 36. Bc2 Kd6 37. Bb2 Nc6 38. Bb1 Bf7 39. Ke3 Be6 40. Kf2 Ke7 41. Bc2
Nd4 42. Bb1 Kf7 43. Kg3 Nfe2+ 44. Kf2 Nc3 0-1

[Event "Gibtelecom Masters"]
[Site "Gibraltar"]
[Date "2009.02.02"]
[Round "7.33"]
[White "Forsaa, Espen"]
[Black "Devereaux, Maxim L"]
[Result "1/2-1/2"]
[WhiteElo "2322"]
[BlackElo "2437"]
[PlyCount "115"]
[EventDate "2009.01.27"]

1. d4 d5 2. c4 e6 3. Nf3 Nf6 4. e3 Be7 5. b3 c5 6. Bd3 Nc6 7. Bb2 cxd4 8. exd4
Qa5+ 9. Qd2 Qxd2+ 10. Nbxd2 Bd7 11. c5 Nb4 12. Bb1 Bb5 13. Ne5 Nd7 14. Nxd7
Kxd7 15. Nf3 f6 16. Kd2 a5 17. Rc1 Nc6 18. Ne1 Rhe8 19. f4 Bd8 20. Nc2 Bc7 21.
g3 g6 22. Ne3 a4 23. Bd3 Bxd3 24. Kxd3 Ra6 25. Bc3 axb3 26. axb3 Rea8 27. Rxa6
Rxa6 28. Rb1 Na7 29. Ra1 Rxa1 30. Bxa1 Kc6 31. Ng4 Bd8 32. Bc3 Kb5 33. Kc2 Nc6
34. Kd3 h5 35. Ne3 Ne7 36. Nc2 Bc7 37. Na3+ Kc6 38. b4 g5 39. b5+ Kd7 40. fxg5
fxg5 41. Bd2 g4 42. Bg5 Nf5 43. Nc2 Ba5 44. Ne3 Nxe3 45. Kxe3 Bc3 46. Bf6 Bb2
47. Be5 Bc1+ 48. Kf2 Bg5 49. Kg2 Bh6 50. h3 Bg5 51. hxg4 hxg4 52. Kf2 Bh6 53.
Ke2 Bg5 54. Kd3 Bh6 55. Bf4 Bg7 56. Kc3 Bf6 57. Be5 Bg5 58. Kd3 1/2-1/2

[Event "Gibtelecom Masters"]
[Site "Gibraltar"]
[Date "2009.02.02"]
[Round "7.35"]
[White "Welling, Gerard"]
[Black "Lovik, Lasse Ostebo"]
[Result "0-1"]
[WhiteElo "2371"]
[BlackElo "2184"]
[PlyCount "72"]
[EventDate "2009.01.27"]

1. e4 c5 2. Nf3 Nc6 3. Bd3 g6 4. c3 Bg7 5. Bc2 e5 6. d3 Nge7 7. O-O d5 8. h3
O-O 9. Nbd2 h6 10. a3 f5 11. exd5 Nxd5 12. Re1 Kh7 13. Nc4 Qc7 14. a4 b6 15.
Bb3 Bb7 16. Bd2 Rad8 17. Qe2 Rfe8 18. Bc2 Ba6 19. Rad1 Bf6 20. h4 Qf7 21. h5 g5
22. Nh2 e4 23. dxe4 Nf4 24. Bxf4 Bxc4 25. Qf3 gxf4 26. Qxf4 Qxh5 27. Qc7+ Qf7
28. Qxc6 Re6 29. Qxe6 Bxe6 30. exf5 Bb3 31. Rxd8 Bxd8 32. Bb1 Qd7 33. Ng4 Qd2
34. f6+ Kg8 35. Re4 Qc1+ 36. Kh2 h5 0-1